00275nam a2200109Ia 4500008004100000041001200041082001100053100001700064245007200081260000600153650000600159221030s9999 xx 000 0 und d aEnglish a105.23 aJ. Jeffcoate 0aMultimedia In Practice - Technology & Applicationscby J. Jeffcoate c0 aB